000
00326nam a2200145Ia 4500
008
150301s2013 xx 000 0 und d
082
_a
617.51
_b
C13W
100
_a
WAKODE, PT.
245
_a
CLINICAL METHODS IN ENT
250
_a
2ND
260
_b
JAYPEE
_a
DELHI
_c
2013
300
_a
228
650
_a
ENT
942
_2
ddc
_c
BK
_0
8
999
_c
6620
_d
6620